[Event "Asia-ch"]
[Site "Kolkata"]
[Date "2001.08.17"]
[Round "11"]
[White "Sadvakasov, Darmen"]
[Black "Liang, Jinrong"]
[Result "1/2-1/2"]
[WhiteElo "2568"]
[BlackElo "2510"]
[Annotator "Ribli,Z"]
[PlyCount "128"]
[EventDate "2001.08.09"]
[EventType "swiss"]
[EventRounds "11"]
[EventCountry "IND"]
[SourceTitle "CBM 085"]
[Source "ChessBase"]
[SourceDate "2001.11.13"]
[SourceVersion "1"]
[SourceVersionDate "2001.11.13"]
[SourceQuality "1"]

1. e4 c5 2. Nf3 e6 3. d4 cxd4 4. Nxd4 Nc6 5. Nc3 Qc7 6. Be2 a6 7. O-O Nf6 8.
Be3 Bb4 9. Na4 Bd6 {Dieser Läuferzug ist selten gespielt worden, die zwei
populären Fortsetzungen sind - 9...0-0 und 9...Be7. Die Partiefortsetzung ist
allerdings von Anand in der wichtigen Matchpartie Shirov,A-Anand,V New Delhi/
Teheran 2000 gespielt worden.} 10. g3 {Das ist eine natürliche Antwort, aber
es gibt auch andere Fortsetzungen.} (10. Nxc6 bxc6 11. f4 Nxe4 12. Nb6 Rb8 13.
Nxc8 Rxc8 14. Qd4 Nf6 15. Bxa6 Rb8 $13) (10. Nb6 Rb8 (10... Bxh2+ 11. Kh1 Qxb6
12. Nxe6 Qxb2 13. Nxg7+ Kf8 14. Nf5 $16) 11. g3 Be7 12. Nxc6 bxc6 13. Nxc8 Qxc8
14. e5 Nd5 15. Bc1 Bc5 16. c4 Ne7 17. b3 $14) 10... b5 (10... Be7 11. c4 $5 {
Dieses Bauernopfer ist typisch in dieser Variante.} Nxe4 (11... d6 12. f3 Bd7
13. Rc1 O-O 14. Nxc6 Bxc6 15. Nb6 $14) 12. Bf3 Nf6 13. c5 O-O 14. Rc1 $44) 11.
Nb6 (11. Nxc6 $6 Qxc6 12. Nb6 Bb7 13. Nxa8 Qxe4 14. Bf3 Qxf3 15. Qxf3 Bxf3 16.
Nb6 Ng4 $15 {1/2-1/2 Apicella,M-Cerisier,P/FRA-ch Strasbourg 1992/EXT 92ch2 
(48)}) 11... Rb8 (11... Qxb6 $6 {Das Nehmen des Springers wäre vorteilhaft für
Weiß.} 12. Nxe6 Qb8 13. Nxg7+ Kd8 14. Nf5 $40) 12. Nxc8 (12. Nxc6 Qxc6 13. Nxc8
Rxc8 14. Bd3 Be5 15. a4 b4 16. Qe2 a5 17. c3 bxc3 18. Rac1 O-O 19. f4 Bb8 20.
bxc3 Nxe4 21. Bd4 f5 {1/2-1/2 Shirov,A-Hattu,A/Neuilly-Sur-Seine FRA 2001/(43)}
) 12... Rxc8 13. a4 {Mit seinem Läuferpaar möchte Weiß die Stellung am
Damenflügel öffnen.} (13. Bd3 Nxd4 14. Bxd4 e5 15. Be3 Bc5 16. Bg5 Qb6 {
1/2-1/2 Grabarska,B-Kiseleva,N/Germany 1999/CBM 73 ext/(25)}) 13... Nxd4 14.
Bxd4 e5 15. Be3 Bc5 16. Qd3 (16. Bxc5 Qxc5 17. axb5 axb5 18. Ra5 Rb8 19. Bd3 (
19. Qd3 O-O 20. c3 Qc6 21. Bf3 Rfe8 22. Rfa1 Re6 23. R1a3 Ne8 24. Rb3 Nc7 {
1/2-1/2 Galkin,A-Beshukov,S/St.Petersburg 1997/CBM 62_05 (32)}) 19... O-O 20.
c4 Qb4 21. Rxb5 Rxb5 22. cxb5 Nxe4 23. Bxe4 Qxe4 24. Qxd7 {1-0 Yagupov,I-Landa,
K/Tomsk 1999/EXT 2001 (38)}) (16. axb5 Bxe3 17. fxe3 axb5 18. Bxb5 O-O 19. Rxf6
$1 (19. Bd3 Qb6 20. Qc1 Ra8 $44) 19... gxf6 20. Bxd7 (20. c4 $5) 20... Ra8 21.
Qg4+ $6 Kh8 22. Rf1 Rg8 23. Qh3 Qc5 $1 {0-1 Shirov,A-Anand,V/New Delhi/Theran
2000/CBM 80/[Ftacnik] (41)}) 16... Qb7 $6 $146 {[%cal Gb7e4] Schwarz greift
den e4-Bauern an - er beschäftigt sich nicht mit der Verteidigung des
b5-Bauern.} (16... Bxe3 17. Qxe3 O-O (17... bxa4 $5 18. Bxa6 Rb8) 18. c3 Qc6 (
18... Qc5 19. Qxc5 Rxc5 20. f3 Rb8 21. axb5 axb5 22. Ra5 Kf8 23. Kf2 Ne8 24.
Rd1 Ke7 25. c4 {1-0 Dolmatov,S-Beshukov,S/Open, Novgorod RUS 1999 (70)}) 19.
axb5 axb5 20. Ra5 Rb8 21. f3 d5 22. exd5 Nxd5 23. Qf2 Rfd8 24. Rd1 Nc7 25. Bd3
Ne6 26. Raa1 Ng5 27. Kg2 g6 {1-0 Shirov,A-De la Riva Aguado,O/Andorra AND 2001/
(44)}) 17. axb5 axb5 18. Ra5 $6 {Dieser Zug ist typisch - Weiß droht 19.Rxb5
zu spielen, aber das direkte Nehmen des b5-Bauern wäre viel besser.} (18. Qxb5
$5 Qxb5 19. Bxb5 Bxe3 (19... Nxe4 20. Bxc5 Nxc5 21. Ra7 $16) 20. fxe3 Nxe4 (
20... Rxc2 $4 21. Ra8+ $18) (20... Ke7 21. Bd3 $16) 21. Ra7 $16 {[%csl Rd7]})
18... Bxe3 19. Qxe3 Qxe4 20. Qxe4 Nxe4 21. Rxb5 (21. Bxb5 O-O (21... Ke7 22.
Re1 d5 23. c4) 22. Bxd7 (22. Bd3 Nc5 $11) 22... Rxc2 23. Bf5 Re2 24. Rxe5 Nxg3
25. Rxe2 Nxe2+ $11) 21... f6 $11 {Die Stellung ist materiell gleich - Weiß
steht aktiver am Damenflügel, aber Schwarz hat die Mehrheit im Zentrum.} 22. f4
{Der gegnerische Koenig steht in der Mitte, so Weiss moechte die Stellung
oeffnen.} (22. c3 Ke7 $11) 22... exf4 23. Rxf4 Nd6 {[%cal Rd6b5,Rc8c2] Auf
diese Weise gewinnt Schwarz einen Bauern.} 24. Rb3 (24. Ra5 $6 Rxc2 25. Ra8+
Rc8 26. Rxc8+ Nxc8 27. Kf2 $15) 24... Rxc2 {[%mdl 1024]} 25. Rd4 (25. Rb8+ Rc8
$15) (25. Rd4) 25... O-O (25... Rxe2 26. Rb8+ Ke7 27. Rxh8 Rxb2 28. Rxh7 $14)
26. Bd1 {Weiß ist nicht zufrieden mit sofortigem Remis, er möchte weiter
spielen. Es ist wahr, dass Weiß die aktivere Stellung und einen ernfernten
Freibauer auf b2 hat, aber mit einem Bauern weniger gibt es keine Chancen auf
Vorteil.} (26. Rxd6 Rxe2 27. Rxd7 $11) 26... Rc6 27. Bf3 Ra6 28. Be2 Rc6 29.
Bf3 {Weiß kann die Züge wiederholen, aber er möchte mehr.} Ra6 30. Rbd3 (30.
Be2 $11) 30... Nf7 31. Bd5 {[%cal Gd5g8]} (31. Rxd7 Ne5 32. Bd5+ Kh8 33. Bb7
Ra1+ (33... Rb6 34. Rd8 Rg8 $11) 34. Rd1 $11) 31... Rd8 32. b4 (32. Bxf7+ Kxf7
33. Rxd7+ Rxd7 34. Rxd7+ $11) 32... Kf8 {Schwarz befreit sich von der
Fesselung des f7-Springers - jetzt droht schon 33...Ne5, so muss Weiß die
Stellung vereinfachen.} 33. Bxf7 Ra1+ {Dieses Zwischenschach ist noch präziser,
als das sofortige Nehmen des Läufers.} (33... Kxf7 34. Rxd7+ Rxd7 35. Rxd7+ Kg6
36. Rd1 $11 {[%cal Gd1b1]}) 34. Kf2 Kxf7 35. Rxd7+ Rxd7 36. Rxd7+ {[%mdl 4096]
Dieses Turmendspiel ist remis - bei materieller Gleichheit hat Weiss einen
entfernten Freibauern, aber Schwarz kann sicht einfach verteidigen.} Kg6 37.
Ke3 Rb1 {Dank 33...Ra1+ steht der schwarze Turm aktiv auf b1.} 38. Rd4 Kf5 (
38... Rb2 $11 {[%csl Gb2][%cal Gb2b4,Gb2h2] Der Turm steht aktiv auf b2 und
kontrolliert alle weißen Bauern.}) 39. Kd3 {Der weiße König strebt nach dem
Damenflügel, aber Schwarz hat genügendes Gegenspiel.} Ke5 40. Re4+ (40. Kc4 $4
Rc1+ $19 (40... Rxb4+ $19)) 40... Kd5 41. Rd4+ Ke5 42. Rc4 Kd5 43. Rc5+ Kd6 44.
Rc4 Kd5 45. Rh4 {Es ist lobenswert, dass Weiss weiter kämpft, aber in
Wirklichkeit hat er keine realen Chancen.} g5 46. Rd4+ (46. Rxh7 Rxb4 $11)
46... Ke5 47. Re4+ Kd5 48. Rd4+ Ke5 49. Rc4 f5 50. Rc5+ Kf6 51. b5 f4 52. gxf4
gxf4 53. Ke4 Rb4+ 54. Kf3 Kg6 55. h4 h5 56. Rc6+ Kf5 57. Rc5+ Kg6 58. Rg5+ Kh6
59. Rf5 Kg6 60. Rd5 Kh6 61. Rg5 Rd4 62. Rc5 Rb4 63. Rc6+ Kg7 64. b6 Kf7 1/2-1/2

[Event "Pamplona 9596 6th"]
[Site "Pamplona"]
[Date "1996.??.??"]
[Round "?"]
[White "Magem Badals, Jordi"]
[Black "Ljubojevic, Ljubomir"]
[Result "1-0"]
[WhiteElo "2560"]
[BlackElo "2600"]
[Annotator "Ribli,Z"]
[PlyCount "123"]
[EventDate "1995.12.??"]
[EventType "tourn"]
[EventRounds "9"]
[EventCountry "ESP"]
[EventCategory "13"]
[SourceTitle "CBM 052"]
[Source "ChessBase"]
[SourceDate "1996.06.01"]
[SourceVersion "1"]
[SourceVersionDate "1996.06.01"]
[SourceQuality "1"]

1. e4 c5 2. Nf3 e6 3. d4 cxd4 4. Nxd4 Nc6 5. Nc3 Qc7 6. Be2 Nf6 7. O-O a6 8.
Be3 Bb4 9. Nxc6 Bxc3 {Ljubojevic versucht eine alte Idee zu verbessern.} 10.
bxc3 bxc6 $6 $146 {Diese Neuerung hat einen bedeutenden Nachteil: Schwarz kann
sein Problem auf den schwarzen Feldern nicht gut lösen.} (10... Qxc6 11. e5 Nd5
12. Qd4 b5 13. c4 bxc4 14. Qg4 Kf8 15. Rab1 $44 {Heuer-Spassky,B/Russland/1963/
}) 11. c4 $1 c5 (11... Nxe4 12. Qd4 Nf6 13. Bf4 Qa7 14. c5 O-O 15. Bd6 Re8 16.
Bd3 $40) 12. f3 O-O 13. Qd2 {/\ Bf4,Bd6} Ne8 14. Rab1 $1 {Starke Zuege sind
manchmal ganz einfach: Ein Turm gehoert auf eine offene Linie.} d6 15. Qc3 $5 {
Weiss will die schwarze Entwicklung am Damenfluegel erschweren.} f5 (15... Bb7
16. Qb3 Bc6 17. Qb6 $14) 16. exf5 exf5 17. Bf4 $1 {>< d6} h6 18. Rfe1 $1 {
Der Anziehende stellt seinen anderen Turm auch eine offene Linie.} Rb8 19. Rb3
Rb7 20. Bf1 Qd8 21. Qd2 Re7 22. Qd5+ Kh7 23. Rxe7 Qxe7 24. Qc6 $1 {[#] Die
schwarze Stellung sieht sehr kritisch aus.} g5 $1 $8 (24... Qd7 25. Rb6 $16) (
24... Bd7 25. Qxa6 $16) 25. Bd2 $1 {Die weisse Initiative ist wichtiger als
der Bauerngewinn.} (25. Qxc8 Nc7 (25... gxf4 $4 26. Rb7 $18) (25... Ng7 26. Rb7
Rxc8 27. Rxe7 gxf4 28. Rd7 Rc6 29. Bd3 Kg6 30. a4 Kf6 31. a5 $16) 26. Bxd6 Qxd6
27. Qb7 $14) 25... Ng7 26. Rd3 Rd8 27. Ba5 Qd7 $8 28. Qb6 Ne6 29. Qb8 $1 {
[#] Schwarz kann den Materialverlust nicht vermeiden.} Rg8 30. Qxd6 Qxd6 31.
Rxd6 {Der Anziehende hat den Bauern jetzt in einer viel guenstigeren Situation
gewonnen, als es vor einigen Zügen möglich gewesen wäre: 1. Weiss konnte
seinen Läuferpaar behalten. Die Läufer sind im Endspiel meistens sehr stark. 2.
Der weisser Turm auf d6 ist sehr aktiv.} Kg6 32. Bd3 {/\ g4} Kf6 33. Rd5 f4 34.
Bb6 $1 {Der junge spanische Grossmeister gewinnt einen zweiten Bauern.} Bb7 35.
Rf5+ Ke7 36. Bxc5+ Nxc5 37. Rxc5 {Weiss hat zwei Mehrbauern und natürlich ist
die Stellung für ihn gewonnen, aber er muß wegen seiner Baurnstruktur - c2 und
c4- noch aufpassen und genau spielen.} Kd6 38. Rf5 Re8 39. Kf2 Re5 40. Rf6+ Re6
41. Rf7 Bc8 42. Bf5 Re8 43. h4 Ke5 (43... gxh4 44. Bxc8 Rxc8 45. Rxf4 $18) 44.
Bd3 $1 gxh4 45. Rh7 h3 46. gxh3 Bxh3 47. Rxh6 Be6 48. Rh5+ Kd4 49. Ra5 Bc8 50.
c5 Rf8 (50... Re5 51. Ra4+ Kxc5 52. Rc4+ $18) 51. Bxa6 Bxa6 52. Rxa6 Kxc5 53.
Ra4 $1 Kd6 54. Re4 Rc8 55. c4 Ra8 56. a4 $1 Rf8 57. Ke2 Kc5 58. a5 Kb4 59. a6
Ra8 60. Rxf4 Rxa6 61. Re4 Ra2+ 62. Ke3 1-0

[Event "Dortmund GM"]
[Site "Dortmund"]
[Date "2000.07.08"]
[Round "2"]
[White "Wegener, Olaf"]
[Black "Skripchenko, Almira"]
[Result "1/2-1/2"]
[WhiteElo "2336"]
[BlackElo "2450"]
[Annotator "Ribli,Z"]
[PlyCount "87"]
[EventDate "2000.07.07"]
[EventType "tourn"]
[EventRounds "9"]
[EventCountry "GER"]
[EventCategory "9"]
[SourceTitle "CBM 078"]
[Source "ChessBase"]
[SourceDate "2000.10.18"]
[SourceVersion "1"]
[SourceVersionDate "2000.10.18"]
[SourceQuality "1"]

1. e4 c5 2. Nf3 Nc6 3. d4 cxd4 4. Nxd4 Qc7 {Diese Zugfolge ist in letzter Zeit
sehr populär - jetzt kann der Zug 5.Nb5 zwar mit Tempo kommen, ist aber nicht
so gefährlich wie nach 4...e6 5.Nb5.} 5. Nc3 e6 6. Be2 a6 7. O-O Nf6 8. Be3 Bb4
{Das ist die Hauptfortsetzung - weil Schwarz noch nicht d7-d6 gespielt jat,
kann er diesen Zug machen. Aber die Entscheidung ist eine Geschmacksfrage - 8..
.d6 ist auch gut spielbar und führt zur Scheweninger-Variante.} 9. Na4 Be7 (
9... O-O {Das ist die andere wichtige Alternative für Schwarz, aber weil der
Bb4 früher oder später wegziehen muss, wird die Rochade heutzutage selten
gespielt.}) 10. Nxc6 bxc6 11. Nb6 Rb8 12. Nxc8 Qxc8 13. Bd4 {Die Alternative
13.e5 wird heutzutage kaum gespielt. Der Textzug ist gefährlicher, weil der
Bd4 aktive Möglichkeiten auf der Diagonale a1-h8 bekommt.} c5 (13... Qc7 14. e5
Nd5 15. b3 c5 16. Bb2 Rb6 17. Bc4 Nb4 18. Qe2 a5 19. Rad1 O-O 20. Rd2 Nc6 21.
Rfd1 Rd8 22. Bc3 g6 23. Bb5 Nd4 24. Bxd4 cxd4 25. Rxd4 d6 26. a4 Rbb8 {1/2-1/2
Onischuk,A-Epishin,V/Germany 1999/GER-chT (48)}) 14. Be5 (14. Bc3 Nxe4 15. Bxg7
Rg8 16. Bh6 c4 17. Qd4 d5 18. Bf3 Nd6 19. Bf4 Nf5 20. Qd1 Rxb2 {0-1 Manakova,
M-Skripchenko,A/Vrnjacka Banja 1999/EXT 2000 (43)}) 14... Rb6 15. Qd3 {Das ist
die beste Fortsetzung für Weiß - er muss den Zentrumsbauern verteidigen, sonst
bekommt Schwarz sofort taktische Gegenchancen.} (15. Bf3 O-O 16. Bc3 d6 17. a4
Nd7 18. a5 Rb8 19. Qd2 Rd8 20. Rfd1 Bf6 21. Bxf6 Nxf6 22. e5 Ne8 23. exd6 Nxd6
{0-1 Dashko Andrey-Tregubov Pavel V/Cup Russia op 1998 (48)}) (15. b3 Nxe4 16.
Bxg7 Rg8 $13) 15... O-O (15... Qc6 16. Bf3 d6 17. Bc3 e5 18. a4 c4 19. Qe3 O-O
20. a5 Rb7 21. g3 Rfb8 22. Bg2 Ne8 23. f4 Bf6 24. f5 Nc7 25. g4 h6 26. Qg3 Qd7
27. Rfd1 Nb5 {0-1 Shirov,A-Anand,V/Frankfurt GER 2000/The Week in Chess 294 
(69)}) 16. b3 {[%cal Ge5b2] Das ist ein nützlicher Zug - Weiß verschafft sich
die Option zu Bb2 und entbindet den Läufer zugleich von der Verteidigung des
Pb2.} d6 17. Bc3 {[%cal Gc3a5] Dieser Zug wirkt ein bisschen unnatürlich -
natürlicher wäre 17.Bb2. Aber Weiß möchte in einigen Varianten Ba5 ziehen
können, und außerdem wählte auch Kasparov diese Fortsetzung.} (17. Bb2 Nd7 18.
Rad1 (18. f4 Bf6 19. Bxf6 Nxf6 $11) 18... Bf6 19. Bc1 a5 (19... Ne5 20. Qh3 Qc6
21. f4 Ng6 22. Qd3 Qb5 23. Qxb5 axb5 24. a4 bxa4 25. bxa4 Ra8 26. Bb5 {1-0
Svidler,P-Fominyh,A/Smolensk 2000/CBM 77_02 (41)}) 20. f4 Rd8 21. Qh3 Nf8 $11
22. Bd2 Qa8 23. Bd3 a4 24. Rde1 axb3 (24... g6 $6 25. f5 exf5 26. exf5 Re8 27.
fxg6 Bd4+ 28. Kh1 hxg6 29. Bc4 {1-0 Shirov,A-Atakisi,U/Batumi 1999/CBM 74 (32)}
) 25. axb3 Ng6 26. g3 Rbb8 27. Qg2 Bd4+ 28. Kh1 d5 29. exd5 exd5 {0-1 Korneev,
O-Halkias,S/Ubeda 2000/CBM 75/[Ribli] (51)}) 17... Nd7 {[%cal Ge7f6,Gf6a1]
Warum nicht? Wenn Schwarz auf 17.Bb2 mit 17...Nd7 antworten kann (siehe
Anmerkung oben), dann ist dieser Springerzug auch hier spielbar.} (17... d5 18.
exd5 Nxd5 19. Bd2 Nb4 20. Qc4 Rd6 21. Bxb4 cxb4 22. Qxb4 Qxc2 23. Bxa6 Rxa6 24.
Qxe7 Rxa2 25. Rxa2 Qxa2 {1/2-1/2 Kasparov,G-Anand,V/Frankfurt GER 2000 (33)})
18. Rad1 Bf6 {Das ist die Idee von 17...Nd7 - Schwarz möchte die
schwarzfeldrigen Läufer abtauschen.} 19. Ba5 Rc6 20. Qg3 Qb8 $11 {Schwarz hat
nur scheinbar eine Schwäche - der Pd6 ist verteidigungsfähig. Da die Stellung
zudem eher geschlossenen Charakter hat, kommt das Läuferpaar nicht so zur
Geltung wie in offenen Stellungen.} 21. Kh1 Bd8 $5 {[%mdl 4] Das ist ein
Hauptmotiv in dieser Variante - Schwarz versucht erneut die Läufer
abzutauschen.} 22. Bd2 {[%cal Gd2h6]} (22. Bc3 Bf6) 22... Kh8 23. Bf4 Bc7 24.
Rd2 {[%cal Gf1d1]} Nf6 {Sobald der Eindruck entsteht, als bekäme Weiß etwas
Vorteil, gibt es immer einen guten Gegenzug für Schwarz.} 25. Bf3 {[%cal Gf3c6]
} (25. f3 $2 Nh5 26. Qh4 Nxf4 27. Qxf4 d5 $15) 25... Rb6 26. Rfd1 Ne8 {[%mdl
256] Der Springer verteidigt gleichzeitig den Pd6 und den Bc7. Es ist nicht
leicht für Weiß, einen konkreten Plan zu finden.} (26... Rd8 $2 27. e5 $16) 27.
Be2 (27. c4 $5 $14) 27... d5 $1 {Dadurch befreit sich Schwarz von der latenten
Schwäche auf d6 und bekommt eine gute Zentrumsstellung.} 28. Bxc7 Nxc7 29. exd5
exd5 30. c3 {Ein prophylaktischer Zug, der sich gegen d5-d4 richtet.} Rg6 {
[%csl Gg6]} 31. Qh4 Rh6 32. Qf4 Qb6 {Weiß hat zwar die bessere Bauernstruktur,
aber durch das aktivere Figurenspiel kompensiert Schwarz die Schwäche des Pd5.}
(32... Rf6 $11) 33. Bg4 (33. Bf3 Ne6 $11 {[%cal Gd5d4]}) 33... Rf6 34. Qg3 (34.
Qe5 Re8 $11) 34... Rd8 (34... Re8 $11) 35. Re1 Ne6 {[%cal Gd5d4]} 36. Qe5 d4 $6
{Dieser Zug ist prinzipiell gut, aber meiner Meinung nach wäre es besser, die
Grundlinie zu entlasten.} (36... h6 $11) 37. Red1 (37. b4 $5 cxb4 (37... dxc3
$2 38. bxc5 cxd2 39. cxb6 dxe1=Q+ 40. Qxe1) 38. cxd4 $14) 37... h6 {Schwarz
hat eine ausgeglichene Stellung erreicht - die weißen Türme wirken auf den
ersten Blick beddrohlich, aber Weiß hat keine konkreten Drohungen.} 38. h3 Rf8
{Jetzt droht schon 39...dxc3 nebst 40...Nd4.} 39. Bxe6 Rxe6 40. Qg3 Rd8 (40...
dxc3 41. Qxc3 Rfe8 42. Rd7 $14) 41. Qf4 (41. cxd4 cxd4 $11) 41... Rf6 42. Qe5
Re6 (42... Rfd6 $11) 43. Qf5 Rf6 44. Qe5 1/2-1/2

[Event "Sochi"]
[Site "Sochi"]
[Date "1993.??.??"]
[Round "?"]
[White "Obukhov, Alexander"]
[Black "Tregubov, Pavel V"]
[Result "0-1"]
[WhiteElo "2490"]
[BlackElo "2475"]
[Annotator "Ribli,Z"]
[PlyCount "65"]
[EventDate "1993.09.??"]
[EventType "tourn"]
[EventRounds "13"]
[EventCountry "RUS"]
[EventCategory "10"]
[SourceTitle "CBM 038"]
[Source "ChessBase"]
[SourceDate "1994.02.01"]
[SourceVersion "1"]
[SourceVersionDate "1994.02.01"]
[SourceQuality "1"]

1. e4 c5 2. Nf3 e6 3. d4 cxd4 4. Nxd4 Nc6 5. Nc3 Qc7 6. Be2 a6 7. O-O Nf6 8.
Be3 Bb4 9. Na4 O-O 10. Nxc6 bxc6 11. c4 Bd6 $5 (11... Be7 $6 12. Bf3 $1 $14 {
Hazai,L-Fogarasi,T/Budapest/1992/INF58,(222)/}) 12. f4 Nxe4 13. Bd3 Nf6 14. Nb6
$6 (14. c5 Be7 15. Bd4 Rd8 $1 $13 {Sznapik,A-Hellers,F/EU-chT Haifa/1989/}) (
14. Bb6 $5 Qb8 15. Bd4 Be7 16. Nb6 (16. c5 $5 $44 {Hazai}) 16... c5 17. Bxf6
Bxf6 18. Nxa8 Qxa8 $13 (18... Bxb2 $6 19. Bxh7+ Kxh7 20. Qb1+ Kg8 21. Rf2 $16 {
Polgar,Zso-Horvath,Jo/Budapest Exp/1993/CBM37/})) 14... Rb8 15. Nxc8 Rfxc8 16.
c5 Be7 17. Bxa6 Rd8 18. Qc1 (18. Qe2 $5) 18... Nd5 19. Bd4 (19. Rb1 $2 Qa5 20.
Be2 Nxe3 21. Qxe3 Bxc5 $19) 19... Qa7 $1 20. Bd3 Rb4 21. Bf2 Nxf4 (21... Rxf4
$5) 22. a3 Ra4 $6 (22... Nxd3 $2 23. axb4) (22... Re4 $5) 23. Bc4 Qc7 24. b4 (
24. Bg3 $5 e5 (24... Bxc5+ 25. Kh1 e5 26. Bxf7+ Kxf7 27. Qxc5 $13) 25. b4 $44)
24... d5 25. Bg3 Bxc5+ $1 26. Kh1 (26. bxc5 Rxc4 27. Bxf4 e5 $19) 26... dxc4
27. Bxf4 Bd6 28. Bxd6 Qxd6 29. Qxc4 Qd3 $1 30. Qxc6 Rxa3 31. h3 h6 32. Rxa3 $2
(32. b5 $17) 32... Qxf1+ 33. Kh2 (33. Kh2 Qf4+ 34. Rg3 Rd3 $19) 0-1